[Event "European Rapid 2011"]
[Site "Warsaw POL"]
[Date "2011.12.17"]
[Round "5"]
[White "Banusz, Tamas"]
[Black "Lind, Jan-Olof"]
[Result "1-0"]
[WhiteTitle "GM"]
[WhiteElo "2563"]
[BlackElo "2219"]
[WhiteFideId "722413"]
[BlackFideId "1701193"]
[EventDate "2011.12.17"]

1. Nf3 Nf6 2. c4 g6 3. g3 Bg7 4. Bg2 O-O 5. O-O d6 6. d4 Nbd7 7. Nc3 a6 8. h3
Rb8 9. e4 c5 10. e5 Ne8 11. e6 fxe6 12. Ng5 Nc7 13. dxc5 Nxc5 14. Be3 b6 15. Qc2
e5 16. Rad1 Bf5 17. Qe2 h6 18. Nf3 g5 19. b4 N5e6 20. Nd5 Nxd5 21. cxd5 Nc7 22.
Nd2 Bc2 23. Rc1 Ba4 24. Nc4 Bb5 25. Rfd1 a5 26. a3 axb4 27. axb4 Na6 28. Qb2
Bxc4 29. Rxc4 b5 30. Rc6 Ra8 31. Be4 Nb8 32. Rb6 Nd7 33. Rxb5 Nf6 34. Bg2 Qd7
35. Ra5 Rfb8 36. Rxa8 Rxa8 37. Ra1 Rxa1+ 38. Qxa1 Qb5 39. Qa5 Qe2 40. b5 Nh5 41.
Bf1 Qf3 42. Qd2 Nf6 43. b6 Kh8 44. Bb5 Ne4 45. Qe2 Qf8 46. b7 Nc3 47. Qc4 1-0

[Event "European Rapid 2011"]
[Site "Warsaw POL"]
[Date "2011.12.17"]
[Round "5"]
[White "Antoniewski, Rafal"]
[Black "Szymanski, Andrzej2"]
[Result "1-0"]
[WhiteTitle "GM"]
[WhiteElo "2559"]
[BlackElo "2212"]
[WhiteFideId "1111078"]
[BlackFideId "1105817"]
[EventDate "2011.12.17"]

1. e4 e6 2. Qe2 c5 3. g3 Nc6 4. Bg2 Nd4 5. Qd1 b6 6. c3 Nc6 7. d4 cxd4 8. cxd4
d6 9. Nc3 Be7 10. Nge2 Nf6 11. e5 Nd5 12. Nxd5 exd5 13. Bxd5 Bd7 14. exd6 Bxd6
15. O-O O-O 16. Nc3 Rc8 17. Re1 Re8 18. Be3 Bf5 19. Qf3 Qd7 20. a3 Re7 21. Rac1
Bg4 22. Qg2 Bh3 23. Qh1 Na5 24. Ne4 Rxc1 25. Rxc1 h6 26. b4 Bc7 27. bxa5 Kh8 28.
Bc6 Qf5 29. axb6 Bxb6 30. Nc5 Bxc5 31. dxc5 Qd3 32. Qf3 Qxa3 33. Rd1 Qb4 34. Qd5
Kh7 35. Qd3+ g6 36. Bg2 Bf5 37. Qd8 Qb3 38. Bf3 Re6 1-0

[Event "European Rapid 2011"]
[Site "Warsaw POL"]
[Date "2011.12.17"]
[Round "5"]
[White "Jarmula, Pawel"]
[Black "Shimanov, Aleksandr"]
[Result "0-1"]
[BlackTitle "GM"]
[WhiteElo "2214"]
[BlackElo "2549"]
[WhiteFideId "1146211"]
[BlackFideId "4198603"]
[EventDate "2011.12.17"]

1. d4 Nf6 2. Nf3 g6 3. c4 Bg7 4. Nc3 O-O 5. e4 d6 6. h3 Na6 7. Bg5 Qe8 8. Be2 e5
9. d5 Nh5 10. g4 Nf4 11. Qd2 f5 12. gxf5 gxf5 13. O-O-O Nc5 14. Rdg1 Kh8 15.
Bxf4 exf4 16. exf5 Qe7 17. Nd4 Bxf5 18. Nxf5 Rxf5 19. Bg4 Rff8 20. h4 a6 21. h5
b5 22. h6 Be5 23. Be2 f3 24. Bd3 Bf4 25. Rg7 Bxd2+ 26. Kxd2 Rf7 27. Re1 Qxe1+
28. Kxe1 Nxd3+ 29. Kd2 Ne5 0-1

[Event "European Rapid 2011"]
[Site "Warsaw POL"]
[Date "2011.12.17"]
[Round "5"]
[White "Tomczak, Jacek"]
[Black "Ilarionovs, Dmitrijs"]
[Result "1-0"]
[WhiteTitle "IM"]
[WhiteElo "2544"]
[BlackElo "2211"]
[WhiteFideId "1124668"]
[BlackFideId "11601850"]
[EventDate "2011.12.17"]

1. e4 c5 2. Nf3 d6 3. d4 cxd4 4. Nxd4 Nf6 5. Nc3 Nc6 6. Bc4 e6 7. Bb3 Be7 8. O-O
O-O 9. Be3 a6 10. f4 Qc7 11. Qf3 Nxd4 12. Bxd4 b5 13. e5 Bb7 14. exf6 Bxf3 15.
fxe7 Qxe7 16. Rxf3 d5 17. f5 Qd6 18. f6 g6 19. Re1 Rfe8 20. Re5 Rab8 21. Ne2 a5
22. c3 a4 23. Bc2 b4 24. Bxa4 bxc3 25. bxc3 Rb1+ 26. Kf2 Reb8 27. Bb3 Qa3 28.
Rfe3 Rf8 29. h4 h5 30. Rg3 Kh8 31. Bc2 Rh1 32. Rxg6 fxg6 33. Rxh5+ Kg8 34. Bxg6
Rf7 35. Bxf7+ Kxf7 36. Rh7+ 1-0

[Event "European Rapid 2011"]
[Site "Warsaw POL"]
[Date "2011.12.17"]
[Round "5"]
[White "Durarbeyli, Vasif"]
[Black "Piesik, Piotr"]
[Result "1/2-1/2"]
[WhiteTitle "GM"]
[WhiteElo "2539"]
[BlackElo "2208"]
[WhiteFideId "13402935"]
[BlackFideId "1136194"]
[EventDate "2011.12.17"]

1. e4 e6 2. d4 d5 3. Nc3 dxe4 4. Nxe4 Bd7 5. Nf3 Bc6 6. Bd3 Nd7 7. Qe2 Ngf6 8.
Nxf6+ Nxf6 9. c3 Be7 10. O-O Qd5 11. Bf4 Bd6 12. Bxd6 Qxd6 13. Ne5 Nd7 14. Rad1
Nxe5 15. Qxe5 Qxe5 16. dxe5 Ke7 17. f3 Rad8 18. Bc2 h6 19. Kf2 g5 20. Ke3 Rxd1
21. Rxd1 f6 22. exf6+ Kxf6 23. Rd4 e5 24. Rc4 Rd8 25. a4 Rd7 26. Rc5 Bd5 27. Be4
Bxe4 28. fxe4 c6 29. a5 Rd6 30. Rc4 Ke6 31. Rb4 Rd7 32. Ra4 Rd1 33. Ke2 Rd7 34.
Ra1 Rf7 35. Rd1 Ke7 36. Ke3 Rf4 37. c4 Rf6 38. c5 a6 39. Rd3 Rf7 40. Ke2 Rf4 41.
Rb3 Rxe4+ 42. Kf3 Rf4+ 43. Ke3 Ke6 44. Rxb7 Rf7 45. Rb6 Kd5 46. Rxa6 Kxc5 47.
Rb6 Rf1 48. Rb3 Re1+ 49. Kd3 e4+ 50. Kd2 Ra1 51. Rc3+ Kb5 52. Rh3 Kxa5 53. Rxh6 1/2-1/2

[Event "European Rapid 2011"]
[Site "Warsaw POL"]
[Date "2011.12.17"]
[Round "5"]
[White "Chalupnik, Marcin"]
[Black "Olszewski, Michal"]
[Result "0-1"]
[BlackTitle "GM"]
[WhiteElo "2205"]
[BlackElo "2539"]
[WhiteFideId "1102346"]
[BlackFideId "1121251"]
[EventDate "2011.12.17"]

1. c4 Nf6 2. Nc3 e6 3. g3 d5 4. Bg2 Be7 5. e3 O-O 6. b3 c5 7. Bb2 Nc6 8. cxd5
exd5 9. Nf3 d4 10. Ne2 Nb4 11. O-O Nd3 12. exd4 Nxb2 13. Qc2 cxd4 14. Nexd4 Ba3
15. Nb5 Nd3 16. Nxa3 Bf5 17. Nh4 Rc8 18. Nc4 Be4 19. Bxe4 Nxe4 20. Qd1 Qd7 21.
Qf3 f5 22. Rad1 g6 23. Ng2 b5 24. Nce3 Ng5 25. Qd5+ Qxd5 26. Nxd5 Nh3+ 27. Kh1
Ndxf2+ 0-1

[Event "European Rapid 2011"]
[Site "Warsaw POL"]
[Date "2011.12.17"]
[Round "5"]
[White "Gdanski, Jacek"]
[Black "Probola, Ryszard"]
[Result "1-0"]
[WhiteTitle "GM"]
[WhiteElo "2538"]
[BlackElo "2190"]
[WhiteFideId "1100106"]
[BlackFideId "1118323"]
[EventDate "2011.12.17"]

1. e4 e5 2. Nf3 Nc6 3. Bb5 a6 4. Ba4 d6 5. Bxc6+ bxc6 6. d4 f6 7. c4 g6 8. Nc3
Nh6 9. h3 Nf7 10. O-O Bg7 11. Be3 O-O 12. Qc2 exd4 13. Nxd4 c5 14. Nde2 Ne5 15.
b3 f5 16. f4 Nc6 17. e5 dxe5 18. Bxc5 Re8 19. Rad1 Nd4 20. Nxd4 exd4 21. Qd2 Bb7
22. Bxd4 Bxd4+ 23. Qxd4 Qxd4+ 24. Rxd4 Re3 25. Nd5 Re2 26. Rf2 Re1+ 27. Kh2 c5
28. Rdd2 Kf7 29. Nb6 Rae8 30. Rd7+ R8e7 31. Rxe7+ Kxe7 32. Na4 Kd6 33. Rd2+ Kc6
34. h4 Re3 35. Kg1 Bc8 36. Kf2 Re4 37. g3 Be6 38. Nc3 Rd4 39. Rxd4 cxd4 40. Na4
Bd7 41. Ke2 Kd6 1-0

[Event "European Rapid 2011"]
[Site "Warsaw POL"]
[Date "2011.12.17"]
[Round "6"]
[White "Volokitin, Andrei"]
[Black "Erdos, Viktor"]
[Result "1/2-1/2"]
[WhiteTitle "GM"]
[BlackTitle "GM"]
[WhiteElo "2695"]
[BlackElo "2623"]
[WhiteFideId "14107090"]
[BlackFideId "719978"]
[EventDate "2011.12.17"]

1. e4 e5 2. Nf3 Nc6 3. Bb5 Nf6 4. O-O Nxe4 5. d4 Be7 6. Qe2 Nd6 7. Bxc6 bxc6 8.
dxe5 Nb7 9. c4 O-O 10. Nc3 f6 11. Re1 fxe5 12. Qxe5 Bf6 13. Qh5 g6 14. Qh6 Bg7
15. Qh3 d5 16. Qg3 d4 17. Ne4 Bf5 18. Bg5 Qd7 19. Qh4 Bxe4 20. Rxe4 Rae8 21.
Rae1 Rxe4 22. Qxe4 Nd6 23. Qd3 Re8 24. Rxe8+ Qxe8 25. Kf1 c5 26. b3 Ne4 27. Qe2
Qc6 28. Bf4 Bf6 29. Be5 Nc3 30. Qe1 Kf8 31. a4 Ne4 32. Bxf6 Nxf6 33. Qe5 Qd6 34.
Ke2 h5 35. Kd3 Ng4 36. Qh8+ Ke7 37. Qg7+ Ke8 38. Qg8+ Ke7 39. Qg7+ Ke8 40. Qg8+ 1/2-1/2

[Event "European Rapid 2011"]
[Site "Warsaw POL"]
[Date "2011.12.17"]
[Round "6"]
[White "Sadzikowski, Daniel"]
[Black "Howell, David W L"]
[Result "0-1"]
[WhiteTitle "FM"]
[BlackTitle "GM"]
[WhiteElo "2380"]
[BlackElo "2633"]
[WhiteFideId "1132253"]
[BlackFideId "410608"]
[EventDate "2011.12.17"]

1. e4 e5 2. Nf3 Nc6 3. Bb5 a6 4. Ba4 Nf6 5. O-O Be7 6. Re1 b5 7. Bb3 d6 8. c3
O-O 9. d4 Bg4 10. Be3 Bh5 11. h3 exd4 12. cxd4 d5 13. e5 Ne4 14. Nc3 Nxc3 15.
bxc3 Qd7 16. g4 Bg6 17. Bg5 Ba3 18. Bc1 Be7 19. Bg5 Bxg5 20. Nxg5 f5 21. exf6
Rxf6 22. Re5 Kh8 23. Rxd5 Qe8 24. Qd2 Na5 25. Re1 Qg8 26. Rxb5 Nxb3 27. Rxb3 h6
28. Ne4 Rf3 29. c4 Raf8 30. Rxf3 Rxf3 31. Kg2 Qf7 32. d5 Rf4 33. Qd4 Qe7 34. f3
Qa3 35. Qf2 Qd3 36. Qe3 Qc2+ 37. Kg3 Rf8 38. Re2 Qxc4 39. Rd2 Qc1 40. Re2 Qa1
41. h4 Qe5+ 42. Kg2 Qxd5 43. h5 Bh7 44. Qc5 Qf7 45. Qe3 Qc4 46. Qc5 Qxe2+ 0-1

[Event "European Rapid 2011"]
[Site "Warsaw POL"]
[Date "2011.12.17"]
[Round "6"]
[White "Miton, Kamil"]
[Black "Nguyen, Piotr"]
[Result "1-0"]
[WhiteTitle "GM"]
[WhiteElo "2622"]
[BlackElo "2364"]
[WhiteFideId "1111914"]
[BlackFideId "1127993"]
[EventDate "2011.12.17"]

1. d4 f5 2. g3 Nf6 3. Bg2 g6 4. Nf3 Bg7 5. c4 O-O 6. O-O d6 7. Nc3 Qe8 8. Re1
Qf7 9. e4 fxe4 10. Nxe4 Qxc4 11. b3 Qb5 12. Neg5 Nc6 13. a4 Qb6 14. Ne6 Bxe6 15.
Rxe6 Ng4 16. Bb2 Nxf2 17. Kxf2 Nxd4 18. a5 Qc5 19. Rc1 Qf5 20. Rxe7 Bf6 21.
Rcxc7 Bxe7 22. Rxe7 Ne6 23. Rxe6 Qxe6 24. Qd4 Qe7 25. Qh8+ Kf7 26. Qxh7+ Ke8 27.
Qxg6+ Kd7 28. Qc2 Rae8 29. Bh3+ 1-0

[Event "European Rapid 2011"]
[Site "Warsaw POL"]
[Date "2011.12.17"]
[Round "6"]
[White "Mickiewicz, Piotr"]
[Black "Andriasian, Zaven"]
[Result "0-1"]
[BlackTitle "GM"]
[WhiteElo "2373"]
[BlackElo "2619"]
[WhiteFideId "1114891"]
[BlackFideId "13302000"]
[EventDate "2011.12.17"]

1. e4 c5 2. Nf3 d6 3. Nc3 Nf6 4. e5 dxe5 5. Nxe5 a6 6. a4 Qc7 7. Nc4 Nc6 8. g3
Bg4 9. Nd5 Nxd5 10. Qxg4 Ndb4 11. Ne3 Nd4 12. Kd1 Nbc6 13. f4 e6 14. Bg2 h5 15.
Qh3 g6 16. Re1 O-O-O 17. Be4 f5 18. Bh1 Bg7 19. Qf1 Kb8 20. Ra3 e5 21. c3 e4 22.
Nc4 Ne6 23. a5 h4 24. g4 Nxf4 25. gxf5 gxf5 26. d4 Nd3 27. Bg5 cxd4 28. Qxf5
Rhf8 29. Bxd8 Nxd8 30. Qg6 Nxe1 31. Nb6 Nd3 32. Nd5 0-1

[Event "European Rapid 2011"]
[Site "Warsaw POL"]
[Date "2011.12.17"]
[Round "6"]
[White "Mista, Aleksander"]
[Black "Stoma, Pawel"]
[Result "1-0"]
[WhiteTitle "GM"]
[WhiteElo "2587"]
[BlackElo "2316"]
[WhiteFideId "1110381"]
[BlackFideId "1113569"]
[EventDate "2011.12.17"]

1. Nf3 d5 2. d4 Nf6 3. c4 c6 4. Qb3 g6 5. Nc3 dxc4 6. Qxc4 Bg7 7. e4 O-O 8. Be2
b5 9. Qd3 a6 10. O-O Bb7 11. a3 Nbd7 12. e5 Nd5 13. Nxd5 cxd5 14. Bd2 f6 15.
exf6 exf6 16. Rfe1 Nb6 17. Ba5 Rf7 18. Nh4 Qd6 19. Bb4 Qd7 20. Nxg6 hxg6 21.
Qxg6 a5 22. Bc5 Na4 23. Bd3 f5 24. Re6 Nxc5 25. dxc5 Rc8 26. Rae1 Rc6 27. Bxf5
Rxf5 28. Qxf5 Rc8 29. Qg6 Qf7 1-0

[Event "European Rapid 2011"]
[Site "Warsaw POL"]
[Date "2011.12.17"]
[Round "6"]
[White "Zhigalko, Andrey"]
[Black "Putka, Verner"]
[Result "1-0"]
[WhiteTitle "GM"]
[WhiteElo "2572"]
[BlackElo "2293"]
[WhiteFideId "13502247"]
[BlackFideId "11600659"]
[EventDate "2011.12.17"]

1. d4 d5 2. c4 Nc6 3. Nc3 Nf6 4. Nf3 g6 5. cxd5 Nxd5 6. e4 Nxc3 7. bxc3 Bg7 8.
Be2 O-O 9. O-O Bg4 10. Rb1 b6 11. Bg5 h6 12. Bh4 Na5 13. h3 Bd7 14. Qd2 Kh7 15.
Rfe1 Qe8 16. c4 Rd8 17. Bd3 Bc8 18. d5 Ba6 19. Qe2 c6 20. Rbd1 Bb7 21. Qe3 Kg8
22. Rc1 g5 23. Bg3 e5 24. dxe6 Qxe6 25. c5 b5 26. Bd6 Rfe8 27. e5 f5 28. Nd4
Qxa2 29. Ra1 Qd5 30. Rxa5 Rxd6 31. cxd6 Rxe5 32. Qd2 Rxe1+ 33. Qxe1 Bxd4 34.
Qe8+ Kg7 35. Qe7+ Qf7 36. Qxf7+ Kxf7 37. Bxf5 Bb6 38. Ra1 a5 39. Re1 Kf6 40. g4
Bd8 41. Re8 1-0

[Event "European Rapid 2011"]
[Site "Warsaw POL"]
[Date "2011.12.17"]
[Round "6"]
[White "Vovk, Yuri"]
[Black "Doluhanova, Evgeniya"]
[Result "1-0"]
[WhiteTitle "GM"]
[BlackTitle "WGM"]
[WhiteElo "2571"]
[BlackElo "2276"]
[WhiteFideId "14113171"]
[BlackFideId "14112035"]
[EventDate "2011.12.17"]

1. d4 d5 2. c4 e6 3. Nf3 Nf6 4. g3 dxc4 5. Bg2 a6 6. O-O Nc6 7. e3 Rb8 8. Qe2 b5
9. Rd1 Bb7 10. Ne5 Ne7 11. Bxb7 Rxb7 12. b3 cxb3 13. axb3 Qa8 14. Nc3 c6 15. Ba3
Ned5 16. Nxd5 cxd5 17. Qc2 Bxa3 18. Qc6+ Ke7 19. Rxa3 Rc8 20. Rxa6 Qb8 21. Rc1
Qc7 22. Qc5+ Qxc5 23. dxc5 b4 24. Nc6+ Ke8 25. Na7 Rcc7 26. c6 Rb8 27. Ra5 Ra8
28. Rca1 Kd8 29. Ra6 Ne4 30. Nb5 Rxa6 31. Rxa6 Rc8 32. Rb6 Nc5 33. Nd6 Rc7 34.
Nb7+ 1-0

[Event "European Rapid 2011"]
[Site "Warsaw POL"]
[Date "2011.12.17"]
[Round "6"]
[White "Rogule, Laura"]
[Black "Moranda, Wojciech"]
[Result "0-1"]
[WhiteTitle "WGM"]
[BlackTitle "GM"]
[WhiteElo "2312"]
[BlackElo "2568"]
[WhiteFideId "11601876"]
[BlackFideId "1122401"]
[EventDate "2011.12.17"]

1. c4 Nf6 2. Nc3 g6 3. e4 d6 4. g3 Bg7 5. Bg2 O-O 6. Nge2 c5 7. O-O Nc6 8. Rb1
Ne8 9. a3 a5 10. f4 Nc7 11. f5 e6 12. g4 Ne5 13. Ng3 Nxc4 14. g5 exf5 15. exf5
Bd4+ 16. Kh1 d5 17. Nce2 Be5 18. d4 cxd4 19. Nxd4 Nd6 20. f6 Ne6 21. Nde2 d4 22.
Qd3 Bd7 23. Nf4 Bb5 24. Qd1 Bxf1 25. Qxf1 Nxf4 26. Bxf4 Re8 27. Rd1 Qb6 28. Bxe5
Rxe5 29. Qf4 Rae8 30. Rxd4 Nf5 31. Nxf5 Rxf5 32. Qh4 h5 33. Re4 Rfe5 34. Rxe5
Rxe5 35. h3 Qc5 36. Qf4 Rxg5 37. Qb8+ Kh7 38. Qxb7 Qc1+ 39. Kh2 Qf4+ 40. Kh1
Qxf6 41. b4 Re5 42. Qc7 axb4 43. axb4 Qf4 44. Qc3 Re3 0-1

[Event "European Rapid 2011"]
[Site "Warsaw POL"]
[Date "2011.12.17"]
[Round "6"]
[White "Weichhold, Pawel"]
[Black "Banusz, Tamas"]
[Result "0-1"]
[BlackTitle "GM"]
[WhiteElo "2304"]
[BlackElo "2563"]
[WhiteFideId "1139703"]
[BlackFideId "722413"]
[EventDate "2011.12.17"]

1. e4 e5 2. Nf3 Nc6 3. Bb5 a6 4. Bxc6 dxc6 5. O-O Ne7 6. d4 exd4 7. Nxd4 c5 8.
Ne2 Qxd1 9. Rxd1 Bd7 10. Nbc3 O-O-O 11. Nf4 Ng6 12. Nxg6 hxg6 13. Nd5 Be6 14.
Bg5 Re8 15. Bf4 Bxd5 16. exd5 Kd7 17. g3 Bd6 18. Be3 Re4 19. Kg2 b5 20. h4 Rhe8
21. Kf3 a5 22. Rh1 R4e5 23. a4 b4 24. Rad1 Rf5+ 25. Kg2 Re4 26. b3 c4 27. Rhe1
Rfe5 28. Kf1 f6 29. f4 Re8 30. Ba7 cxb3 31. cxb3 g5 32. Rxe4 Rxe4 33. hxg5 fxg5
34. fxg5 Bxg3 35. Kg2 Bd6 36. Kh3 Rf4 37. Rd3 Ke7 38. g6 Kf6 39. Bd4+ Kf5 40.
Bb2 0-1

[Event "European Rapid 2011"]
[Site "Warsaw POL"]
[Date "2011.12.17"]
[Round "6"]
[White "Bartel, Michal"]
[Black "Antoniewski, Rafal"]
[Result "0-1"]
[WhiteTitle "FM"]
[BlackTitle "GM"]
[WhiteElo "2302"]
[BlackElo "2559"]
[WhiteFideId "1119257"]
[BlackFideId "1111078"]
[EventDate "2011.12.17"]

1. e4 c5 2. Ne2 Nc6 3. d4 cxd4 4. Nxd4 Qb6 5. Nb3 Nf6 6. Nc3 e6 7. Bd3 a6 8. O-O
d6 9. Kh1 g6 10. Be3 Qc7 11. f4 Bg7 12. Qf3 O-O 13. Rae1 Rb8 14. a4 b6 15. g4
Na5 16. Nd2 Bb7 17. g5 Nd7 18. Nd1 Nc5 19. b4 Nxd3 20. cxd3 Nc6 21. b5 axb5 22.
axb5 Na7 23. Qf2 Nxb5 24. Kg1 Qc2 25. Bxb6 Qxd3 26. Re3 Qc2 27. Rh3 Bxe4 28. Ne3
Qc6 29. Qh4 Rfc8 30. Qxh7+ Kf8 31. Ba5 Nd4 32. Qh4 Bd3 33. f5 Nxf5 34. Qf4 Bxf1 0-1

[Event "European Rapid 2011"]
[Site "Warsaw POL"]
[Date "2011.12.17"]
[Round "6"]
[White "Shimanov, Aleksandr"]
[Black "Wandzik, Wojciech"]
[Result "1-0"]
[WhiteTitle "GM"]
[WhiteElo "2549"]
[BlackElo "2239"]
[WhiteFideId "4198603"]
[BlackFideId "1138910"]
[EventDate "2011.12.17"]

1. d4 f5 2. c4 Nf6 3. Nc3 g6 4. f3 d6 5. e4 fxe4 6. fxe4 Bg7 7. Nf3 O-O 8. Be2
c5 9. d5 h6 10. O-O Nbd7 11. h3 Nh5 12. Be3 Kh7 13. Qd2 Ng3 14. Rfe1 g5 15. Nd1
Ne5 16. Nxe5 Bxe5 17. Nf2 Qe8 18. Bf3 Qg6 19. Rab1 Bd7 20. Ng4 Bg7 21. Bf2 Nh5
22. Bd1 Nf4 23. Bc2 h5 24. Ne3 Be5 25. Nf5 e6 26. dxe6 Bxe6 27. b4 b6 28. Be3
Rad8 29. h4 Bxc4 30. hxg5 Ne6 31. Nh4 Qg7 32. Qd1 Nf4 33. g6+ Kg8 34. Nf5 Rxf5
35. exf5 Qf6 36. Qf3 Bd5 37. Be4 Bxe4 38. Qxe4 d5 39. Qf3 Nd3 40. Qxh5 Nxe1 41.
Qh7+ Kf8 42. Rxe1 Bd4 43. Bxd4 Qxd4+ 44. Kh1 Qf6 45. Re7 Rd7 46. g7+ Kxe7 47.
g8=Q+ Kd6 48. Qhg6 1-0

[Event "European Rapid 2011"]
[Site "Warsaw POL"]
[Date "2011.12.17"]
[Round "6"]
[White "Skawinski, Arkadiusz"]
[Black "Tomczak, Jacek"]
[Result "0-1"]
[BlackTitle "IM"]
[WhiteElo "2300"]
[BlackElo "2544"]
[WhiteFideId "1126415"]
[BlackFideId "1124668"]
[EventDate "2011.12.17"]

1. e4 d5 2. exd5 Nf6 3. c4 e6 4. d4 exd5 5. Nf3 Bb4+ 6. Bd2 Bxd2+ 7. Nbxd2 O-O
8. Be2 dxc4 9. Nxc4 Be6 10. O-O Nbd7 11. Qd2 c6 12. Qf4 Bxc4 13. Bxc4 Nb6 14.
Bd3 Nbd5 15. Qg3 Re8 16. Rad1 Qb6 17. b3 Nc3 18. Ra1 Ne2+ 19. Bxe2 Rxe2 20. Rfe1
Rae8 21. Rxe2 Rxe2 22. Re1 Rxe1+ 23. Nxe1 h6 24. Qc3 Nd5 25. Qd2 Qb4 26. Qxb4
Nxb4 27. a3 Nd5 28. Kf1 Nc3 29. Nc2 f5 30. Ke1 Kf7 31. Kd2 Ne4+ 32. Ke3 Ke6 33.
f3 Nf6 34. g3 g5 35. Kd3 Nd5 36. Ne3 Nxe3 37. Kxe3 h5 38. h3 Kd5 39. Kd3 a5 40.
a4 b5 41. Kc3 bxa4 42. bxa4 c5 43. dxc5 Kxc5 44. g4 fxg4 0-1

[Event "European Rapid 2011"]
[Site "Warsaw POL"]
[Date "2011.12.17"]
[Round "6"]
[White "Jaracz, Pawel"]
[Black "Lewandowski, Rafal"]
[Result "1-0"]
[WhiteTitle "GM"]
[WhiteElo "2542"]
[BlackElo "2195"]
[WhiteFideId "1102222"]
[BlackFideId "1111981"]
[EventDate "2011.12.17"]

1. Nf3 Nf6 2. c4 e6 3. d4 d5 4. Nc3 c5 5. cxd5 exd5 6. e3 Nc6 7. Bb5 cxd4 8.
Nxd4 Bd7 9. O-O Be7 10. Be2 Ne5 11. b3 O-O 12. Bb2 Rc8 13. Rc1 Qa5 14. Nf3 Nxf3+
15. Bxf3 Be6 16. a3 Rfd8 17. b4 Qa6 18. Be2 Qd6 19. Nb5 Qb8 20. Nd4 Rxc1 21.
Qxc1 Rc8 22. Qd1 Ne4 23. Bd3 Bf6 24. Ba1 Nc3 25. Qh5 g6 26. Qf3 Be5 27. h3 a6
28. Kh1 Rc7 29. Nb3 Qc8 30. Nc5 Rxc5 31. bxc5 Qxc5 32. Bb2 b5 33. Rc1 a5 34.
Bxb5 Qxb5 35. Bxc3 Bxc3 36. Rxc3 Qb2 37. Qf6 Qb1+ 38. Kh2 h5 39. Rc5 Qb6 1-0

[Event "European Rapid 2011"]
[Site "Warsaw POL"]
[Date "2011.12.17"]
[Round "6"]
[White "Wiley, Tom E"]
[Black "Gdanski, Jacek"]
[Result "0-1"]
[WhiteTitle "FM"]
[BlackTitle "GM"]
[WhiteElo "2292"]
[BlackElo "2538"]
[WhiteFideId "401765"]
[BlackFideId "1100106"]
[EventDate "2011.12.17"]

1. d4 Nf6 2. c4 c5 3. d5 g6 4. Nc3 d6 5. e4 Bg7 6. h3 e6 7. Nf3 exd5 8. exd5 O-O
9. Bd3 Qe7+ 10. Kf1 a6 11. a4 Nbd7 12. g3 Ne5 13. Be2 Bf5 14. Kg2 Ne4 15. Nh4
Nxc3 16. Nxf5 Qd7 17. bxc3 Qxf5 18. g4 Qf6 19. Bd2 Rae8 20. f4 Nd7 21. Bd3 Qh4
22. Qf3 f5 23. g5 h6 24. Be1 Rxe1 25. Raxe1 hxg5 26. Re7 Nf6 27. fxg5 Nh5 28.
Rhe1 Bxc3 29. R1e6 Qxg5+ 30. Kh2 Be5+ 31. Rxe5 dxe5 32. Rxe5 Qf4+ 33. Qxf4 Nxf4
34. Bf1 Kf7 35. d6 Ne6 36. Bg2 Kf6 37. Re2 Rd8 38. Re1 Rxd6 39. Bxb7 Nd8 40. Rb1
g5 41. Bd5 Ke5 42. a5 0-1

[Event "European Rapid 2011"]
[Site "Warsaw POL"]
[Date "2011.12.17"]
[Round "6"]
[White "Sergeev, Vladimir"]
[Black "Malec, Sebastian"]
[Result "0-1"]
[WhiteTitle "GM"]
[WhiteElo "2526"]
[BlackElo "2136"]
[WhiteFideId "14101076"]
[BlackFideId "1170937"]
[EventDate "2011.12.17"]

1. d4 Nf6 2. Nf3 e6 3. c3 c5 4. e3 b6 5. Nbd2 Bb7 6. Bd3 Be7 7. O-O O-O 8. Qe2
d6 9. b3 Nbd7 10. Bb2 Qc7 11. e4 Rfe8 12. Rac1 Rad8 13. c4 cxd4 14. Nxd4 Qb8 15.
Rfe1 Qa8 16. Bb1 Nf8 17. f4 e5 18. Nf5 Ng6 19. Nxe7+ Rxe7 20. f5 Nf4 21. Qe3 g6
22. Rf1 Ng4 23. Qg3 Ne2+ 0-1

[Event "European Rapid 2011"]
[Site "Warsaw POL"]
[Date "2011.12.17"]
[Round "6"]
[White "Warszawski, Bartosz"]
[Black "Piorun, Kacper"]
[Result "0-1"]
[BlackTitle "IM"]
[WhiteElo "2278"]
[BlackElo "2520"]
[WhiteFideId "1110799"]
[BlackFideId "1130420"]
[EventDate "2011.12.17"]

1. e4 e6 2. d4 d5 3. Nc3 Nf6 4. Bg5 Bb4 5. e5 h6 6. Be3 Ne4 7. a3 Bxc3+ 8. bxc3
c5 9. Bd3 Nc6 10. Qg4 g6 11. Bxe4 dxe4 12. Qxe4 Qa5 13. Bd2 Qa4 14. Ne2 b6 15.
Rc1 Bb7 16. Qh4 Qc4 17. Ng3 g5 18. Qh5 O-O-O 19. Qe2 Qd5 20. Ne4 Kb8 21. c4 Qd7
22. Nf6 Qxd4 23. Bc3 Qxc3+ 0-1

[Event "European Rapid 2011"]
[Site "Warsaw POL"]
[Date "2011.12.17"]
[Round "6"]
[White "Simonian, Hrair"]
[Black "Leks, Maria"]
[Result "1-0"]
[WhiteTitle "GM"]
[BlackTitle "WCM"]
[WhiteElo "2468"]
[BlackElo "2106"]
[WhiteFideId "13302337"]
[BlackFideId "1134957"]
[EventDate "2011.12.17"]

1. e4 e5 2. Nf3 Nf6 3. d4 Nxe4 4. Bd3 d5 5. Nxe5 Nd7 6. Qe2 Nxe5 7. Bxe4 Qh4 8.
Bf3 Qxd4 9. c3 Qd3 10. Qxe5+ Be6 11. Be2 Qg6 12. Qxc7 1-0

[Event "European Rapid 2011"]
[Site "Warsaw POL"]
[Date "2011.12.17"]
[Round "6"]
[White "Licznerski, Lukasz"]
[Black "Bryzgalin, Kirill"]
[Result "0-1"]
[BlackTitle "GM"]
[WhiteElo "2271"]
[BlackElo "2467"]
[WhiteFideId "1179250"]
[BlackFideId "4133285"]
[EventDate "2011.12.17"]

1. e4 c5 2. Nf3 Nc6 3. d4 cxd4 4. Nxd4 Qc7 5. Nc3 e6 6. Be2 Nf6 7. Be3 a6 8. O-O
Be7 9. f4 d6 10. Kh1 O-O 11. Qe1 Bd7 12. Qg3 b5 13. a3 Rac8 14. Bd3 g6 15. Rae1
Rfe8 16. e5 Nh5 17. Qf2 Nxd4 18. Bxd4 d5 19. Nd1 Bc5 20. Bxc5 Qxc5 21. Re3 f5
22. exf6 Rf8 23. Qh4 Qd4 24. Re5 Rxf6 25. Rxh5 gxh5 26. Qg5+ Kf7 27. Qxh5+ Ke7
28. Qxh7+ Rf7 29. Qh4+ Kd6 30. Qg3 Rg7 31. Qe3 Qxe3 32. Nxe3 d4 33. Nd1 Rf8 34.
g3 Bc6+ 35. Kg1 Bd5 36. c3 Bb3 37. Nf2 dxc3 38. Ne4+ Kd5 39. Nxc3+ Kd4 40. Be4
a5 41. Rf3 Bc4 42. b3 b4 43. axb4 axb4 44. bxc4 bxc3 45. Bc2 Rb8 46. Rd3+ Kxc4
47. Re3 Rb2 48. Re4+ Kd5 49. Re5+ Kd6 0-1